Vista normal
Vista MARC
Entrada Personal Name
Número de registros utilizados en: 1
001 - CONTROL NUMBER
- control field: 30003
003 - CONTROL NUMBER IDENTIFIER
- control field: OSt
005 - DATE AND TIME OF LATEST TRANSACTION
- control field: 20230915231526.0
008 - FIXED-LENGTH DATA ELEMENTS
- fixed length control field: 230915|| aca||aabn | a|a d
040 ## - CATALOGING SOURCE
- Original cataloging agency: OSt
- Transcribing agency: OSt
100 ## - HEADING--PERSONAL NAME
- Personal name: Hunt, David Quintana de la Pedraja, María
670 ## - SOURCE DATA FOUND
- Source citation: Work cat.: (OSt)29704: Hunt, David Quintana de la Pedraja, María, Ingeniería de diseño medioambiental. Sistemas de gestión medioambiental, principios y práctica, 1999